[Event "Excelsior June op"]
[Site "Toronto CAN"]
[Date "2023.06.24"]
[Round "3.7"]
[White "Mendes, Aaron Reeve"]
[Black "Ferreira, Alex"]
[Result "1-0"]
[WhiteElo "2215"]
[BlackElo "1988"]
[PlyCount "89"]
[GameId "2160767907140935"]
[EventDate "2023.06.23"]
[EventType "swiss"]
[EventRounds "5"]
[EventCountry "CAN"]

1. e4 e5 2. Nf3 Nc6 3. d4 exd4 4. Nxd4 Nf6 5. Nxc6 bxc6 6. Nd2 g6 7. Bc4 Bg7 8. e5 Nd5 9. Nf3 O-O 10. Bxd5 cxd5 11. Qxd5 Rb8 12. Bg5 Qe8 13. O-O-O d6 14. Bf6 Bb7 15. Qa5 Bxf6 16. exf6 Bxf3 17. gxf3 Qb5 18. Qc3 Qg5+ 19. Kb1 Rb5 20. Rhe1 Rc5 21. Qd4 Qf5 22. Rd3 a5 23. a4 h5 24. Re7 Rb8 25. Rc3 Rxc3 26. Qxc3 c5 27. Ra7 Re8 28. Rxa5 Re5 29. Ra8+ Kh7 30. a5 Qxf6 31. a6 Qe6 32. b3 Qd5 33. Rb8 f6 34. a7 Qd1+ 35. Ka2 Re2 36. Kb2 Re1 37. a8=Q Kh6 38. Rh8+ Kg5 39. Rxh5+ gxh5 40. Qg8+ Kf5 41. Qh7+ Ke6 42. Qc4+ d5 43. Qa6+ Ke5 44. Qe7+ Kf5 45. Qaxf6# 1-0

[Event "Excelsior June op"]
[Site "Toronto CAN"]
[Date "2023.06.25"]
[Round "4.4"]
[White "Joseph, Jonath"]
[Black "Mendes, Aaron Reeve"]
[Result "0-1"]
[WhiteElo "1939"]
[BlackElo "2215"]
[PlyCount "90"]
[GameId "2160767907140945"]
[EventDate "2023.06.23"]
[EventType "swiss"]
[EventRounds "5"]
[EventCountry "CAN"]

1. Nf3 d5 2. b3 Nf6 3. Bb2 Bf5 4. e3 e6 5. d4 Bd6 6. Bd3 Nbd7 7. c4 c6 8. O-O O-O 9. Bxf5 exf5 10. Nc3 a6 11. Qd3 g6 12. Rac1 Rc8 13. cxd5 cxd5 14. Ne2 Qa5 15. a4 Ne4 16. Rxc8 Rxc8 17. Rc1 Rxc1+ 18. Nxc1 g5 19. Qe2 Qb4 20. Qc2 Nf8 21. Nd3 Qb6 22. Nfe5 f6 23. f3 fxe5 24. fxe4 fxe4 25. Nf2 exd4 26. Bxd4 Qc7 27. Ng4 Ne6 28. Qxc7 Nxc7 29. Bb6 Kf7 30. Bxc7 Bxc7 31. h3 Bg3 32. h4 gxh4 33. Kf1 h5 34. Nf2 Bxf2 35. Kxf2 Ke6 36. b4 Ke5 37. b5 d4 38. bxa6 bxa6 39. Ke2 d3+ 40. Kd2 Kf5 41. Ke1 Kg4 42. Kf2 a5 43. Kg1 d2 44. g3 Kxg3 45. Kh1 d1=R# 0-1

[Event "Excelsior June op"]
[Site "Toronto CAN"]
[Date "2023.06.25"]
[Round "5.4"]
[White "Mendes, Aaron Reeve"]
[Black "Singh Dhaliwal, Jaipreet"]
[Result "1-0"]
[WhiteElo "2215"]
[BlackElo "1936"]
[PlyCount "95"]
[GameId "2160767907140958"]
[EventDate "2023.06.23"]
[EventType "swiss"]
[EventRounds "5"]
[EventCountry "CAN"]

1. e4 c5 2. Nf3 d6 3. d4 cxd4 4. Qxd4 Nf6 5. c4 Nc6 6. Qe3 g6 7. h3 Bg7 8. Be2 O-O 9. O-O a6 10. Nc3 h6 11. Rb1 Be6 12. b3 Nd7 13. Bb2 Kh7 14. Rbd1 Qb6 15. Qd2 Qa5 16. Kh1 Rfc8 17. Nh2 Nd4 18. Bg4 b5 19. f4 Bxg4 20. Nxg4 bxc4 21. f5 h5 22. Ne3 cxb3 23. fxg6+ fxg6 24. Rf7 Ne5 25. Rxg7+ Kxg7 26. Qxd4 bxa2 27. Ncd5 Rab8 28. Nxe7 Rc7 29. Qxd6 Rxb2 30. N3d5 Rxe7 31. Qxe7+ Nf7 32. Qf6+ Kf8 33. Qxb2 Qa4 34. Rf1 Kg8 35. Qf6 Qd7 36. Qxg6+ Kf8 37. Qxh5 Kg7 38. Qg4+ Qxg4 39. hxg4 Ne5 40. Ra1 Nxg4 41. Rxa2 a5 42. g3 a4 43. Kg2 Kf7 44. Rxa4 Ke6 45. Nf4+ Ke5 46. Nd3+ Ke6 47. Kf3 Nf6 48. Ra6+ 1-0

[Event "Excelsior June GM Norm"]
[Site "Toronto CAN"]
[Date "2023.06.19"]
[Round "1"]
[White "Nagy, Gabor"]
[Black "Mendes, Aaron Reeve"]
[Result "1-0"]
[WhiteElo "2468"]
[BlackElo "1994"]
[PlyCount "137"]
[GameId "2160767907141091"]
[EventDate "2023.06.18"]
[EventType "tourn"]
[EventRounds "9"]
[EventCountry "CAN"]
[SourceTitle "CBM 215 Extra"]
[Source "ChessBase"]
[SourceDate "2023.09.30"]
[SourceVersion "1"]
[SourceVersionDate "2023.09.30"]
[SourceQuality "1"]

1. c4 e5 2. g3 Nf6 3. Bg2 Bc5 4. Nc3 O-O 5. Nf3 Nc6 6. O-O d6 7. e3 Bg4 8. h3 Bxf3 9. Qxf3 a6 10. a3 a5 11. b3 Qd7 12. Bb2 Rfe8 13. d3 h6 14. Rac1 Rab8 15. Rfd1 Nh7 16. h4 Nf6 17. Rd2 Qg4 18. Qxg4 Nxg4 19. Nd5 Bb6 20. b4 Ne7 21. Nxb6 cxb6 22. d4 axb4 23. axb4 Nc6 24. Bc3 exd4 25. Bxd4 Nxb4 26. Bxb6 Ne5 27. f4 Ng4 28. Rb1 Nc6 29. Rxd6 Ra8 30. Rxc6 bxc6 31. Bxc6 Rac8 32. Bxe8 Rxe8 33. Bd4 Nxe3 34. Re1 Re4 35. Bxe3 Rxc4 36. Kg2 Kh7 37. Kf3 Kg6 38. Rd1 f5 39. Rd6+ Kh5 40. Rd5 Kg6 41. Bd4 Rc7 42. Ra5 Rd7 43. Ke3 Re7+ 44. Kd3 Kh5 45. Rxf5+ Kg4 46. Re5 Rb7 47. Re3 Rd7 48. Ke4 Re7+ 49. Be5 Rf7 50. Rc3 g5 51. hxg5 hxg5 52. Rc8 Ra7 53. Rg8 Ra4+ 54. Bd4 Kxg3 55. Rxg5+ Kh4 56. Rg1 Ra2 57. f5 Ra6 58. f6 Ra8 59. Kf5 Kh3 60. Be5 Rf8 61. Rg3+ Kh4 62. Rg2 Rxf6+ 63. Bxf6+ Kh3 64. Rg4 Kh2 65. Kf4 Kh1 66. Kf3 Kh2 67. Rh4+ Kg1 68. Bd4+ Kf1 69. Rh1# 1-0

[Event "Excelsior June GM Norm"]
[Site "Toronto CAN"]
[Date "2023.06.19"]
[Round "2"]
[White "Mendes, Aaron Reeve"]
[Black "Almeida Quintana, Omar"]
[Result "1/2-1/2"]
[WhiteElo "1994"]
[BlackElo "2520"]
[PlyCount "73"]
[GameId "2160767907141096"]
[EventDate "2023.06.18"]
[EventType "tourn"]
[EventRounds "9"]
[EventCountry "CAN"]
[SourceTitle "CBM 215 Extra"]
[Source "ChessBase"]
[SourceDate "2023.09.30"]
[SourceVersion "1"]
[SourceVersionDate "2023.09.30"]
[SourceQuality "1"]

1. e4 d6 2. d4 Nf6 3. Nc3 g6 4. Bg5 Bg7 5. f3 c6 6. Qd2 h6 7. Be3 b5 8. O-O-O b4 9. Nce2 Qa5 10. Kb1 Nbd7 11. Nc1 Rb8 12. h4 Qc7 13. g4 a5 14. Nge2 Nb6 15. Ng3 h5 16. gxh5 Nxh5 17. Nxh5 Rxh5 18. Be2 Be6 19. b3 c5 20. f4 cxd4 21. Bxd4 Bxd4 22. Qxd4 Rc5 23. h5 gxh5 24. f5 Bc8 25. Bxh5 Re5 26. Bxf7+ Kxf7 27. Rh7+ Ke8 28. f6 Bg4 29. Rf1 Rc8 30. Rh8+ Kd7 31. Rxc8 Kxc8 32. f7 Nd7 33. f8=Q+ Nxf8 34. Rxf8+ Kb7 35. Nd3 Rh5 36. e5 Bd7 37. exd6 1/2-1/2

[Event "Excelsior June GM Norm"]
[Site "Toronto CAN"]
[Date "2023.06.21"]
[Round "5"]
[White "Sambuev, Bator"]
[Black "Mendes, Aaron Reeve"]
[Result "1-0"]
[WhiteElo "2448"]
[BlackElo "1994"]
[PlyCount "41"]
[GameId "2160767907141113"]
[EventDate "2023.06.18"]
[EventType "tourn"]
[EventRounds "9"]
[EventCountry "CAN"]
[SourceTitle "CBM 215 Extra"]
[Source "ChessBase"]
[SourceDate "2023.09.30"]
[SourceVersion "1"]
[SourceVersionDate "2023.09.30"]
[SourceQuality "1"]

1. c4 e5 2. e3 Bc5 3. d4 exd4 4. exd4 Bb4+ 5. Nc3 Nf6 6. Bd3 O-O 7. Nf3 Re8+ 8. Be3 d5 9. O-O Bg4 10. Bg5 c6 11. cxd5 cxd5 12. Bxf6 gxf6 13. Ne2 Bxf3 14. gxf3 Bd6 15. Kh1 Nc6 16. Rg1+ Kh8 17. Qf1 Qd7 18. Bxh7 Rxe2 19. Qg2 Bg3 20. Qxg3 Kxh7 21. Qg7# 1-0

[Event "Excelsior June GM Norm"]
[Site "Toronto CAN"]
[Date "2023.06.21"]
[Round "6"]
[White "Mendes, Aaron Reeve"]
[Black "Jaferian, Koosha"]
[Result "1-0"]
[WhiteElo "1994"]
[BlackElo "2201"]
[PlyCount "123"]
[GameId "2160767907141116"]
[EventDate "2023.06.18"]
[EventType "tourn"]
[EventRounds "9"]
[EventCountry "CAN"]
[SourceTitle "CBM 215 Extra"]
[Source "ChessBase"]
[SourceDate "2023.09.30"]
[SourceVersion "1"]
[SourceVersionDate "2023.09.30"]
[SourceQuality "1"]

1. e4 c6 2. c4 d5 3. exd5 cxd5 4. cxd5 Nf6 5. Nc3 Nxd5 6. Nf3 Nc6 7. Bb5 g6 8. O-O Bg7 9. h3 O-O 10. d4 Bf5 11. Bg5 h6 12. Nxd5 hxg5 13. Bxc6 bxc6 14. Ne3 e6 15. Nxf5 gxf5 16. Rc1 Rb8 17. b3 Rb6 18. Rc4 Rb5 19. Qc1 f4 20. Rc5 Bf6 21. Kh2 a5 22. Rxc6 Bxd4 23. Rd1 Rd5 24. Rxd4 Rxd4 25. Nxd4 Qxd4 26. Qc5 Qf6 27. Qxa5 g4 28. Qh5 gxh3 29. Qg4+ Kh7 30. Rc5 e5 31. Qh5+ Kg7 32. Qxe5 hxg2 33. Kxg2 Ra8 34. a4 Qxe5 35. Rxe5 Kf6 36. Rb5 Rd8 37. Kf3 Rd2 38. a5 Ra2 39. b4 Ke6 40. Rc5 Kd6 41. Rc4 f5 42. Rxf4 Ke5 43. Rc4 Ra3+ 44. Kg2 f4 45. f3 Ra2+ 46. Kh3 Rf2 47. Rc3 Rb2 48. Ra3 Rxb4 49. a6 Rb8 50. a7 Rh8+ 51. Kg4 Rg8+ 52. Kh5 Rh8+ 53. Kg6 Ra8 54. Ra5+ Kd4 55. Kf5 Ke3 56. Ra3+ Kd4 57. Kxf4 Rf8+ 58. Kg5 Rg8+ 59. Kf6 Rf8+ 60. Ke7 Ra8 61. Kd7 Kc5 62. Kc7 1-0

[Event "Excelsior June GM Norm"]
[Site "Toronto CAN"]
[Date "2023.06.22"]
[Round "7"]
[White "Rozentalis, Eduardas"]
[Black "Mendes, Aaron Reeve"]
[Result "0-1"]
[WhiteElo "2528"]
[BlackElo "1994"]
[PlyCount "84"]
[GameId "2160767907141122"]
[EventDate "2023.06.18"]
[EventType "tourn"]
[EventRounds "9"]
[EventCountry "CAN"]
[SourceTitle "CBM 215 Extra"]
[Source "ChessBase"]
[SourceDate "2023.09.30"]
[SourceVersion "1"]
[SourceVersionDate "2023.09.30"]
[SourceQuality "1"]

1. e4 c5 2. Nf3 d6 3. Bb5+ Bd7 4. c4 Nf6 5. Nc3 g6 6. d4 cxd4 7. Nxd4 Bg7 8. Bxd7+ Nbxd7 9. O-O O-O 10. b3 a6 11. Bb2 Rc8 12. Re1 Ne5 13. Qd2 Nc6 14. Nxc6 bxc6 15. Rad1 Qc7 16. Na4 Nd7 17. Bxg7 Kxg7 18. f4 Rfd8 19. Qe3 Qa5 20. h3 Rb8 21. Re2 Nb6 22. Nc3 Qc5 23. Qxc5 dxc5 24. Red2 Rxd2 25. Rxd2 Kf8 26. e5 Ke8 27. Kf2 a5 28. Ne4 Nd7 29. a4 f5 30. exf6 exf6 31. g4 f5 32. gxf5 gxf5 33. Nd6+ Kd8 34. Rd3 Kc7 35. Kg3 Rf8 36. Kh4 Nb6 37. Kg5 Rd8 38. Kh6 Rxd6+ 39. Rxd6 Kxd6 40. h4 Nd5 41. Kg5 Ke6 42. h5 h6+ 0-1

[Event "Excelsior June GM Norm"]
[Site "Toronto CAN"]
[Date "2023.06.22"]
[Round "8"]
[White "Wang, Tianqi"]
[Black "Mendes, Aaron Reeve"]
[Result "1-0"]
[WhiteElo "2361"]
[BlackElo "1994"]
[PlyCount "119"]
[GameId "2160767907141128"]
[EventDate "2023.06.18"]
[EventType "tourn"]
[EventRounds "9"]
[EventCountry "CAN"]
[SourceTitle "CBM 215 Extra"]
[Source "ChessBase"]
[SourceDate "2023.09.30"]
[SourceVersion "1"]
[SourceVersionDate "2023.09.30"]
[SourceQuality "1"]

1. e4 c5 2. Nc3 Nc6 3. f4 g6 4. Nf3 Bg7 5. Bb5 e6 6. Bxc6 bxc6 7. O-O Ne7 8. d3 d5 9. e5 O-O 10. Na4 Qa5 11. c4 dxc4 12. dxc4 Rd8 13. Qc2 Nf5 14. b3 Nd4 15. Nxd4 cxd4 16. Bd2 Qc7 17. Bb4 Bf8 18. Qd2 a5 19. Bxf8 Kxf8 20. Nc5 Bb7 21. Qb2 Qe7 22. Qa3 Ba6 23. Rac1 Kg7 24. Rfd1 Kh8 25. Rd2 g5 26. Rcd1 gxf4 27. Rxd4 Rxd4 28. Rxd4 f3 29. g3 f6 30. exf6 Qxf6 31. Qb2 e5 32. Rf4 Qe7 33. Nd3 Rd8 34. Qxe5+ Qxe5 35. Nxe5 Rd1+ 36. Kf2 Rd2+ 37. Kxf3 Rxa2 38. Rf8+ Kg7 39. Ra8 a4 40. Rxa6 axb3 41. Rb6 Rxh2 42. Rxb3 Rh5 43. Rb7+ Kf6 44. Nd3 Rf5+ 45. Ke4 Rg5 46. Rxh7 Rxg3 47. Rh6+ Ke7 48. Rxc6 Rg4+ 49. Kd5 Rg5+ 50. Ne5 Rf5 51. Rc7+ Kd8 52. Rf7 Rg5 53. Kd6 Rg8 54. Ra7 Kc8 55. Ra8+ Kb7 56. Rxg8 Ka6 57. Rb8 Ka7 58. Rb5 Ka6 59. Kc7 Ka7 60. Ra5# 1-0

[Event "Excelsior June IM Norm"]
[Site "Toronto CAN"]
[Date "2023.06.13"]
[Round "1.3"]
[White "Noritsyn, Sergey"]
[Black "Mendes, Aaron Reeve"]
[Result "1-0"]
[WhiteElo "2136"]
[BlackElo "1994"]
[PlyCount "129"]
[GameId "2160767907141222"]
[EventDate "2023.06.13"]
[EventType "tourn"]
[EventRounds "9"]
[EventCountry "CAN"]

1. e4 c5 2. Nf3 d6 3. Bb5+ Bd7 4. Bxd7+ Qxd7 5. O-O Nc6 6. c3 e6 7. d4 cxd4 8. cxd4 Nf6 9. d5 Ne5 10. Nc3 Nxf3+ 11. Qxf3 e5 12. Qd3 Nh5 13. Be3 Be7 14. Rac1 O-O 15. Qb5 Qxb5 16. Nxb5 a6 17. Na3 b5 18. Rc7 Bd8 19. Rc6 Be7 20. Nc2 a5 21. Na3 Rfb8 22. Bb6 Rb7 23. Rfc1 Nf6 24. Rc8+ Rxc8 25. Rxc8+ Bf8 26. Bc7 Nxe4 27. f3 Nf6 28. Bxd6 Nd7 29. Bxf8 Nxf8 30. d6 g6 31. Nxb5 Kg7 32. a4 Ne6 33. Ra8 Nc5 34. Rxa5 Nd3 35. Ra7 Rxa7 36. Nxa7 Kf6 37. Nb5 Nxb2 38. a5 Nc4 39. a6 Ke6 40. a7 Nb6 41. Kf2 f5 42. Ke3 g5 43. g4 f4+ 44. Ke4 Nd7 45. Nc7+ Kxd6 46. a8=Q Nc5+ 47. Kf5 Kxc7 48. Kxe5 Nd7+ 49. Kf5 Nb6 50. Qa7+ Kc6 51. Qxh7 Kb5 52. Kxg5 Nd5 53. Qf5 Kc4 54. h4 Ne3 55. Qxf4+ Kd3 56. h5 Ng2 57. Qe4+ Kd2 58. f4 Ne1 59. h6 Nd3 60. h7 Nc5 61. Qb4+ Kc2 62. Qxc5+ Kb1 63. h8=R Ka2 64. Rb8 Ka1 65. Qa3# 1-0

[Event "Excelsior June IM Norm"]
[Site "Toronto CAN"]
[Date "2023.06.13"]
[Round "2"]
[White "Mendes, Aaron Reeve"]
[Black "Reprintsev, Alexander"]
[Result "1/2-1/2"]
[WhiteElo "1994"]
[BlackElo "2238"]
[PlyCount "48"]
[GameId "2160767907141225"]
[EventDate "2023.06.13"]
[EventType "tourn"]
[EventRounds "9"]
[EventCountry "CAN"]
[SourceTitle "CBM 215 Extra"]
[Source "ChessBase"]
[SourceDate "2023.09.30"]
[SourceVersion "1"]
[SourceVersionDate "2023.09.30"]
[SourceQuality "1"]

1. e4 e5 2. Nf3 Nc6 3. d4 exd4 4. Nxd4 Nf6 5. Nxc6 bxc6 6. Nd2 d5 7. exd5 cxd5 8. Bb5+ Bd7 9. Bxd7+ Qxd7 10. O-O Be7 11. b3 O-O 12. Bb2 Rfe8 13. Re1 a5 14. a4 Bb4 15. Rxe8+ Rxe8 16. Bxf6 gxf6 17. Nf3 Bc3 18. Rb1 Qf5 19. Rc1 Bb2 20. Rb1 Bc3 21. Rc1 Bb2 22. Rb1 Bc3 23. Rc1 c6 24. Rb1 Kg7 1/2-1/2

[Event "Excelsior June IM Norm"]
[Site "Toronto CAN"]
[Date "2023.06.14"]
[Round "3.4"]
[White "Nagy, Gabor"]
[Black "Mendes, Aaron Reeve"]
[Result "1-0"]
[WhiteElo "2468"]
[BlackElo "1994"]
[PlyCount "87"]
[GameId "2160767907141233"]
[EventDate "2023.06.13"]
[EventType "tourn"]
[EventRounds "9"]
[EventCountry "CAN"]

1. d4 d5 2. Nc3 Bf5 3. Bf4 e6 4. e3 Bd6 5. g4 Bg6 6. Nge2 c5 7. h4 cxd4 8. Qxd4 e5 9. Qxd5 Nc6 10. O-O-O Bc7 11. Bg3 h6 12. Bg2 Qc8 13. Qc5 Nge7 14. g5 h5 15. Nd5 O-O 16. Qxe7 Qg4 17. Qc5 Qxe2 18. Rd2 Qg4 19. Nxc7 Rac8 20. Nd5 Nd4 21. Ne7+ Kh7 22. Nxc8 Rxc8 23. exd4 Rxc5 24. dxc5 Qc4 25. Bd5 Qxc5 26. Rhd1 e4 27. Re1 Qa5 28. a3 b5 29. Bxe4 b4 30. Bxg6+ fxg6 31. Re3 bxa3 32. Rxa3 Qb5 33. Rxa7 Qf1+ 34. Rd1 Qe2 35. Rad7 Qe6 36. R7d5 Qe4 37. Kb1 Qc4 38. Be5 Qc8 39. Rd7 Kh8 40. Bxg7+ Kh7 41. Bc3+ Kg8 42. Rd8+ Kh7 43. R1d7+ Qxd7 44. Rh8# 1-0

[Event "Excelsior June IM Norm"]
[Site "Toronto CAN"]
[Date "2023.06.15"]
[Round "5.4"]
[White "Vidyarthi, Omya"]
[Black "Mendes, Aaron Reeve"]
[Result "0-1"]
[WhiteElo "2081"]
[BlackElo "1994"]
[PlyCount "88"]
[GameId "2160767907141243"]
[EventDate "2023.06.13"]
[EventType "tourn"]
[EventRounds "9"]
[EventCountry "CAN"]

1. Nf3 d5 2. c4 c6 3. e3 Nf6 4. Nc3 e6 5. d4 Bd6 6. Bd3 Nbd7 7. O-O O-O 8. Nh4 Ne4 9. g3 f5 10. Ng2 Ndf6 11. f3 Nxc3 12. bxc3 Qc7 13. Qe2 e5 14. Bb2 e4 15. Bc2 b5 16. cxd5 cxd5 17. Bb3 Qc6 18. Qc2 a5 19. fxe4 fxe4 20. a4 Ba6 21. Rf2 bxa4 22. Bxa4 Bb5 23. Bb3 a4 24. Ba2 a3 25. Bc1 Bc4 26. Bd2 Ng4 27. Rxf8+ Rxf8 28. Nf4 g5 29. Qd1 Qd7 30. Bxc4 dxc4 31. Nh3 Nxh2 32. Kxh2 Rf3 33. Nf4 gxf4 34. exf4 Qg4 35. Qg1 Qh5+ 36. Kg2 Rd3 37. Ra2 Qf3+ 38. Kh2 e3 39. Be1 Rd1 40. f5 h5 41. Rg2 h4 42. Kh3 hxg3 43. Bxg3 Qxf5+ 44. Kh2 Qh7# 0-1

[Event "Excelsior June IM Norm"]
[Site "Toronto CAN"]
[Date "2023.06.15"]
[Round "6.1"]
[White "Clyde, Jordan"]
[Black "Mendes, Aaron Reeve"]
[Result "1-0"]
[WhiteElo "2096"]
[BlackElo "1994"]
[PlyCount "117"]
[GameId "2160767907141245"]
[EventDate "2023.06.13"]
[EventType "tourn"]
[EventRounds "9"]
[EventCountry "CAN"]

1. e4 c5 2. Nc3 d6 3. f4 Nc6 4. Bb5 g6 5. d4 Bg7 6. dxc5 dxc5 7. Bxc6+ bxc6 8. Qxd8+ Kxd8 9. Nge2 Rb8 10. Be3 Kc7 11. O-O-O Bg4 12. e5 f6 13. Bxc5 fxe5 14. fxe5 Bxe5 15. Bxa7 Ra8 16. Bd4 Bxd4 17. Rxd4 Bxe2 18. Nxe2 Rxa2 19. Kb1 Ra5 20. Re4 e5 21. Rf1 Nh6 22. Nc1 Nf5 23. Rfe1 Re8 24. Nd3 Kd6 25. c3 Re7 26. Kc2 Nh6 27. g4 Nf7 28. h4 g5 29. h5 Kc7 30. c4 Ra8 31. c5 Rae8 32. Rf1 Rd8 33. Ra4 Kd7 34. Rxf7 Rxf7 35. Nxe5+ Ke6 36. Nxf7 Kxf7 37. Ra7+ Kg8 38. h6 Rd4 39. Rg7+ Kh8 40. Rc7 Kg8 41. Rxc6 Rxg4 42. Kd3 Kf7 43. Rc7+ Kg6 44. c6 Rb4 45. Rg7+ Kxh6 46. c7 Kxg7 47. c8=Q Rf4 48. b4 g4 49. Qc7+ Rf7 50. Qe5+ Rf6 51. b5 Kg6 52. Qxf6+ Kxf6 53. b6 Kg5 54. Ke3 Kh4 55. Kf2 Kh3 56. b7 g3+ 57. Kg1 h5 58. b8=Q h4 59. Qc8# 1-0

[Event "Excelsior June IM Norm"]
[Site "Toronto CAN"]
[Date "2023.06.16"]
[Round "8.1"]
[White "Singh Dhaliwal, Jaipreet"]
[Black "Mendes, Aaron Reeve"]
[Result "0-1"]
[WhiteElo "2050"]
[BlackElo "1994"]
[PlyCount "98"]
[GameId "2160767907141255"]
[EventDate "2023.06.13"]
[EventType "tourn"]
[EventRounds "9"]
[EventCountry "CAN"]

1. e4 c5 2. Nf3 d6 3. d4 cxd4 4. Nxd4 Nf6 5. Nc3 a6 6. Be3 e5 7. Nb3 Be6 8. f3 Be7 9. Qd2 h5 10. Nd5 Nxd5 11. exd5 Bf5 12. Be2 a5 13. a4 Bh4+ 14. g3 Be7 15. Bb5+ Nd7 16. c4 O-O 17. O-O Nc5 18. Nxc5 dxc5 19. Rad1 Qd6 20. Qf2 b6 21. Rfe1 Qg6 22. Bd2 Bd6 23. Re3 f6 24. Rde1 Kf7 25. h4 Ra7 26. Kh2 Rd8 27. Rb3 Re7 28. Bc6 Bc7 29. Rbe3 Kg8 30. Bc3 Kh7 31. Qg2 Bd6 32. Bd2 Rg8 33. Kh1 Bd3 34. Bb5 Bf5 35. Bc6 Bc8 36. Bc3 Rc7 37. Bb5 Qf5 38. Re4 g5 39. hxg5 Qxg5 40. Qh2 Qf5 41. Rf1 Rcg7 42. Rh4 Kg6 43. Be1 Kf7 44. Qe2 Qg6 45. Qh2 Qd3 46. Kg1 e4 47. Rxe4 Rxg3+ 48. Bxg3 Rxg3+ 49. Kh1 Qxf1+ 0-1

[Event "Excelsior April op"]
[Site "Toronto CAN"]
[Date "2023.04.21"]
[Round "1.6"]
[White "Mendes, Aaron Reeve"]
[Black "Lu, Tony"]
[Result "0-1"]
[WhiteElo "2231"]
[BlackElo "1959"]
[PlyCount "88"]
[GameId "2160767907224577"]
[EventDate "2023.04.21"]
[EventType "swiss"]
[EventRounds "5"]
[EventCountry "CAN"]

1. e4 e6 2. b3 d5 3. Bb2 Nf6 4. e5 Nfd7 5. d4 c5 6. c3 Nc6 7. Nf3 f6 8. exf6 Qxf6 9. Bd3 Bd6 10. O-O O-O 11. Bc2 b6 12. Re1 Bb7 13. Bxh7+ Kxh7 14. Rxe6 Qf5 15. Rxd6 Nf6 16. dxc5 bxc5 17. Ba3 Ne5 18. Nbd2 Ne4 19. Nxe4 dxe4 20. Nxe5 Qxf2+ 21. Kh1 e3 22. Nc6 Bxc6 23. Rxc6 e2 24. Qd3+ Kg8 25. Qc4+ Kh8 26. Bxc5 e1=Q+ 27. Rxe1 Qxe1+ 28. Bg1 Rad8 29. Qc5 Rf1 30. h3 Rd5 31. Rh6+ gxh6 32. Qc8+ Kg7 33. Qb7+ Kf6 34. Qa6+ Ke5 35. Qxa7 Rxg1+ 36. Qxg1 Rd1 37. Qxe1+ Rxe1+ 38. Kh2 Ra1 39. a4 Ra3 40. c4 Rxb3 41. c5 Rc3 42. h4 Rxc5 43. h5 Kf4 44. Kh3 Rxh5# 0-1

[Event "Excelsior April op"]
[Site "Toronto CAN"]
[Date "2023.04.22"]
[Round "2.7"]
[White "Huh, Isaak"]
[Black "Mendes, Aaron Reeve"]
[Result "1/2-1/2"]
[WhiteElo "2092"]
[BlackElo "2231"]
[PlyCount "69"]
[GameId "2160767907224584"]
[EventDate "2023.04.21"]
[EventType "swiss"]
[EventRounds "5"]
[EventCountry "CAN"]

1. e4 c5 2. Nf3 d6 3. d4 cxd4 4. Nxd4 Nf6 5. Nc3 a6 6. Bg5 e6 7. f4 Be7 8. Qf3 Qc7 9. O-O-O h6 10. Bxf6 Bxf6 11. g4 Nc6 12. Nxc6 bxc6 13. Bc4 Bb7 14. Bb3 O-O-O 15. Kb1 d5 16. e5 Be7 17. Rhe1 c5 18. Nxd5 exd5 19. Bxd5 f6 20. c4 Kb8 21. Re3 Ka7 22. Rb3 Bc6 23. Rd2 Bxd5 24. cxd5 fxe5 25. fxe5 Qxe5 26. d6 Rd7 27. Re3 Qf6 28. Qc6 Qf1+ 29. Kc2 Qc4+ 30. Rc3 Qe6 31. Qf3 Qf6 32. Re3 Qg5 33. Kb1 Qg6+ 34. Rdd3 Qg5 35. Rd2 1/2-1/2

[Event "Excelsior April op"]
[Site "Toronto CAN"]
[Date "2023.04.22"]
[Round "3.7"]
[White "Mendes, Aaron Reeve"]
[Black "Moses, Neil"]
[Result "1-0"]
[WhiteElo "2231"]
[BlackElo "1950"]
[PlyCount "105"]
[GameId "2160767907224590"]
[EventDate "2023.04.21"]
[EventType "swiss"]
[EventRounds "5"]
[EventCountry "CAN"]

1. e4 e5 2. Nf3 Nc6 3. d4 exd4 4. Nxd4 Nf6 5. Nxc6 bxc6 6. Nd2 Bc5 7. Be2 O-O 8. e5 Nd5 9. Nb3 Bb6 10. c4 Qh4 11. O-O Nf4 12. Bg4 c5 13. Bxf4 h5 14. Bf3 Qxf4 15. Bxa8 c6 16. Qd6 Ba6 17. Qxd7 Rxa8 18. Qxc6 Rc8 19. Qa4 Qxc4 20. Qxc4 Bxc4 21. Rfc1 Be6 22. Rc2 c4 23. Nd2 Bd4 24. Rac1 Bxe5 25. Nxc4 Bf4 26. Ne3 Rxc2 27. Rxc2 Bxe3 28. fxe3 Bxa2 29. Rc7 a6 30. Rc6 Kf8 31. Rxa6 Bc4 32. Ra5 g6 33. b4 Ke7 34. b5 Kd6 35. b6 Kc6 36. Rc5+ Kxc5 37. b7 Be6 38. b8=Q Kd5 39. Kf2 Kc4 40. Qb6 Kd5 41. Kf3 Bg4+ 42. Kf4 Be6 43. Qc7 h4 44. Kg5 h3 45. gxh3 Ke4 46. Qf4+ Kd5 47. h4 Bf5 48. h5 Ke6 49. Qd4 Ke7 50. h6 Ke6 51. h7 Ke7 52. h8=Q Ke6 53. Qhf6# 1-0

[Event "Excelsior April op"]
[Site "Toronto CAN"]
[Date "2023.04.23"]
[Round "4.4"]
[White "Gao, Raymond"]
[Black "Mendes, Aaron Reeve"]
[Result "0-1"]
[WhiteElo "2250"]
[BlackElo "2231"]
[PlyCount "58"]
[GameId "2160767907224595"]
[EventDate "2023.04.21"]
[EventType "swiss"]
[EventRounds "5"]
[EventCountry "CAN"]

1. e4 c5 2. Nf3 d6 3. d4 cxd4 4. Nxd4 Nf6 5. Nc3 a6 6. Nb3 Nc6 7. Be2 g6 8. g4 h6 9. Be3 Bg7 10. f4 b5 11. Bf3 Bb7 12. Qd2 Na5 13. Nxa5 Qxa5 14. Bd4 e5 15. fxe5 dxe5 16. Bxe5 O-O 17. O-O Nxe4 18. Nxe4 Qb6+ 19. Kg2 Bxe5 20. Qxh6 Bg7 21. Qf4 Bxb2 22. Rad1 Rac8 23. Rd6 Rxc2+ 24. Kg3 Qc7 25. Bd1 Bxe4 26. Bxc2 Qxc2 27. Rf2 Qc3+ 28. Kh4 Qh8+ 29. Kg5 f6+ 0-1

[Event "Excelsior April op"]
[Site "Toronto CAN"]
[Date "2023.04.23"]
[Round "5.3"]
[White "Mao, Fengxi"]
[Black "Mendes, Aaron Reeve"]
[Result "0-1"]
[WhiteElo "2289"]
[BlackElo "2231"]
[PlyCount "147"]
[GameId "2160767907224601"]
[EventDate "2023.04.21"]
[EventType "swiss"]
[EventRounds "5"]
[EventCountry "CAN"]

1. e4 c5 2. Na3 d6 3. c3 Nf6 4. g3 g6 5. Bg2 Bg7 6. Ne2 O-O 7. O-O a6 8. d4 cxd4 9. cxd4 d5 10. e5 Ne8 11. Nc2 Nc6 12. Ne3 Nc7 13. Bd2 e6 14. a4 b6 15. b4 Bd7 16. Ra2 Qe7 17. Rb2 Rfc8 18. h3 f5 19. exf6 Bxf6 20. Bc3 Kh8 21. Re1 Qf7 22. Ng4 Bg7 23. Nf4 Ne8 24. Rbe2 Nd8 25. Ba1 Ra7 26. Nd3 Nc6 27. b5 axb5 28. axb5 Nd8 29. Nde5 Bxe5 30. Nxe5 Qg7 31. Rc2 Rxa1 32. Qxa1 Rxc2 33. Qa8 Rc8 34. Qa7 Bxb5 35. Qxb6 Qb7 36. Qxb7 Nxb7 37. Nf7+ Kg7 38. Rxe6 Nc7 39. Rb6 Kxf7 40. Bxd5+ Nxd5 41. Rxb5 Rd8 42. Rxb7+ Ne7 43. Rb4 Rd7 44. Kg2 Nc6 45. Rb6 Nxd4 46. h4 Ne6 47. Kf3 Rd3+ 48. Ke2 Rc3 49. Kf1 Kf6 50. Kg2 Kf5 51. Rb4 Ke5 52. Ra4 Nd4 53. Ra7 h5 54. Ra5+ Ke4 55. Ra6 Rc6 56. Ra3 Nc2 57. Ra4+ Kd3 58. Rf4 Re6 59. Rf8 Ne1+ 60. Kf1 Kd2 61. Rf7 Nd3 62. Rf8 Re5 63. Ra8 Rb5 64. Ra6 Rb1+ 65. Kg2 Ne1+ 66. Kf1 Nd3+ 67. Kg2 Ne5 68. f4 Ng4 69. Rxg6 Ke2 70. Rg5 Ne3+ 71. Kh2 Kf3 72. Rg6 Nd1 73. Ra6 Ne3 74. Ra3 0-1